000 00627nam a2200265Ia 4500
005 20260121165357.0
008 008 260114s9999 xx 000 0 eng d
020 _a9783319506364
037 _aEBOOK
040 _aCRL
040 _beng
040 _cCRL
041 _2eng
041 _aeng
084 _qCRL
100 _aJoseph Shaanan
_91050948
245 0 _aAmerica's Free Market Myths
260 _bSpringer
260 _bSpringer
260 _c2017
856 _uhttps://link.springer.com/openurl?genre=book&isbn=978-3-319-50636-4
942 _cEBOOK
999 _c1616673
_d1616673